Συμμετοχή της Θ.Ε.Α στην Πρωτοβουλία 'Η Αθήνα Επιχειρεί' / Ο Νέος Προϋπολογισμός δεν Αφήνει Περιθώρια Αισιοδοξίας (Record no. 9220)
[ view plain ]
| 000 -LEADER | |
|---|---|
| fixed length control field | 01762cam a22001814a 4500 |
| 005 - ΗΜΕΡΟΜΗΝΙΑ ΚΑΙ ΩΡΑ ΤΕΛΕΥΤΑΙΑΣ ΕΝΗΜΕΡΩΣΗΣ | |
| Πεδίο ελέγχου | 20250605164356.0 |
| 008 - FIXED-LENGTH DATA ELEMENTS--GENERAL INFORMATION | |
| Πεδίο ελέγχου σταθερού μήκους | 250528s ||||||||||||||||||||||||d |
| 035 ## - SYSTEM CONTROL NUMBER | |
| System control number | 24331 |
| 040 ## - ΠΗΓΗ ΚΑΤΑΛΟΓΟΓΡΑΦΗΣΗΣ | |
| Φορέας πρωτότυπης καταλογογράφησης | MC Athens Campus Library |
| Γλώσσα καταλογογράφησης | Ελληνικά, Μοντέρνα (1453-) |
| Modifying agency | MC Athens Campus Library |
| Κανόνες περιγραφικής καταλογογράφησης | AACR2 |
| 245 1# - ΤΙΤΛΟΣ ΚΑΙ ΔΗΛΩΣΗ ΥΠΕΥΘΥΝΟΤΗΤΑΣ | |
| Τίτλος | Συμμετοχή της Θ.Ε.Α στην Πρωτοβουλία 'Η Αθήνα Επιχειρεί' / Ο Νέος Προϋπολογισμός δεν Αφήνει Περιθώρια Αισιοδοξίας |
| 260 ## - PUBLICATION, DISTRIBUTION, ETC. | |
| Name of publisher, distributor, etc. | Εμπορικό Και Βιομηχανικό Επιμελητήριο Αθηνών, |
| Date of publication, distribution, etc. | 2015 |
| 300 ## - PHYSICAL DESCRIPTION | |
| Extent | 64 |
| 520 ## - SUMMARY, ETC. | |
| Summary, etc. | Δράσεις Κοινωνικής Προσφοράς και Αλληλεγύης από το Ε.Β.Ε.Α., Η Μόρφωση και η Επαγγελματική Κατάρτιση είναι η Βάση της Ευημερίας μας, Το Κρίσιμο Στοίχημα είναι η Αύξηση του Εθνικού Πλούτου, Δραστηριότητες Θ.Ε.Α., Η Ιθαγένεια της Ε.Ε. και το Δικαίωμα της Ελεύθερης Κυκλοφορίας και Διαμονής στην Ευρώπη, Ο Προϋπολογισμός δεν είναι Τζόκερ, Η Επόμενη Μέρα της Ανακεφαλοποίησης, Πλήγμα για τις Επιχειρήσεις η Προκαταβολή Φόρου στο 100%, Απελευθερώνεται η Αγορά Φυσικού Αερίου, Παράπλυρες Συνέπειες, Θετικά Βλέπουν οι Φοιτητές την Επιχειρηματικότητα, Αλλαγές στο Ενεργειακό Πιστοποιητικό. |
| 700 1# - ΠΡΟΣΘΕΤΗ ΑΝΑΓΡΑΦΗ--ΦΥΣΙΚΟ ΠΡΟΣΩΠΟ | |
| Personal name | Μίχαλος Κωνσταντίνος |
| 9 (RLIN) | 4319 |
| 942 ## - ADDED ENTRY ELEMENTS (KOHA) | |
| Koha item type | Περιοδικά Δημοσιεύματα |
| Τύπος τεκμηρίου | Βιβλιοθήκη | Τρέχουσα τοποθεσία | Barcode | Ημερομηνία απόκτησης | Ταξιθετικό σύμβολο | Αριθμός αντιτύπου | Αρίθμηση σειρών / χρονολογία | Κατάσταση απόσυρσης | Κατάσταση χαμένου | Κατάσταση κατεστραμμένου | Μη δανεισμός | Σύνολο δανεισμών | Ημερομηνία τελευταίας εμφάνισης | Η τιμή ισχύει από |
|---|---|---|---|---|---|---|---|---|---|---|---|---|---|---|
| Περιοδικά Δημοσιεύματα | MC Athens Campus Library | MC Athens Campus Library | 9780000092199 | 05/06/2025 | ΑΝΑΠΤΥΞΗ | 1 | 11 | 05/06/2025 | 05/06/2025 |